Atmospheric pollution : (Record no. 7715)

MARC details
000 -LEADER
fixed length control field 00851nam a2200289 4500
001 - CONTROL NUMBER
control field 1004701
005 - DATE AND TIME OF LATEST TRANSACTION
control field 20150515164143.0
007 - PHYSICAL DESCRIPTION FIXED FIELD--GENERAL INFORMATION
fixed length control field 000
008 - FIXED-LENGTH DATA ELEMENTS--GENERAL INFORMATION
fixed length control field 000
010 ## - LIBRARY OF CONGRESS CONTROL NUMBER
LC control number 87011645
020 ## - INTERNATIONAL STANDARD BOOK NUMBER
International Standard Book Number 0631138153 :
Terms of availability $45.00 (U.S.)
International Standard Book Number 0631156747 (pbk.) :
Terms of availability $17.95 (U.S.)
040 ## - CATALOGING SOURCE
Original cataloging agency UOEL
Transcribing agency DLC
Modifying agency DLC
050 00 - LIBRARY OF CONGRESS CALL NUMBER
Classification number TD883
Item number .E46 1987
082 00 - DEWEY DECIMAL CLASSIFICATION NUMBER
Classification number 363.7/392
Edition number 19
100 1# - MAIN ENTRY--PERSONAL NAME
Personal name Elsom, Derek M.
245 10 - TITLE STATEMENT
Title Atmospheric pollution :
Remainder of title causes, effects, and control policies /
Statement of responsibility, etc Derek Elsom.
260 ## - PUBLICATION, DISTRIBUTION, ETC. (IMPRINT)
Place of publication, distribution, etc Oxford, UK ;
-- New York, NY, USA :
Name of publisher, distributor, etc B. Blackwell,
Date of publication, distribution, etc c1987.
300 ## - PHYSICAL DESCRIPTION
Extent x, 319 p. :
Other physical details ill. ;
Dimensions 24 cm.
500 ## - GENERAL NOTE
General note Includes index.
504 ## - BIBLIOGRAPHY, ETC. NOTE
Bibliography, etc Bibliography: p. [285]-311.
650 #0 - SUBJECT ADDED ENTRY--TOPICAL TERM
Topical term or geographic name as entry element Air
General subdivision Pollution.
Topical term or geographic name as entry element Pollutants.
Topical term or geographic name as entry element Environmental policy.
906 ## - LOCAL DATA ELEMENT F, LDF (RLIN)
a 7
b cbc
c orignew
d 1
e ocip
f 19
g y-gencatlg
942 ## - ADDED ENTRY ELEMENTS (KOHA)
Source of classification or shelving scheme Library of Congress Classification
Item type Loan - Normal on open shelf
Holdings
Withdrawn status Lost status Source of classification or shelving scheme Damaged status Not for loan Home library Current library Shelving location Date acquired Total Checkouts Full call number Barcode Date last seen Copy number Price effective from Koha item type
    Library of Congress Classification     UOE Main Library UOE Main Library Open shelf 15/05/2015   TD883 .E46 1987 20136200 15/05/2015 20136200 15/05/2015 Loan - Normal on open shelf